Anruf fuer einen Toten : Kriminalgeschichten
Αποθηκεύτηκε σε:
| Άλλοι συγγραφείς: | |
|---|---|
| Μορφή: | Βιβλίο |
| Γλώσσα: | German |
| Δημοσίευση: |
Ismaning :
Max Hueber,
1981
|
| Σειρά: | Lesetexte Deutsch - Stufe
|
| Θέματα: | |
| Ετικέτες: |
Προσθήκη ετικέτας
Δεν υπάρχουν, Καταχωρήστε ετικέτα πρώτοι!
|
MARC
| LEADER | 00000nam a2200000 i 4500 | ||
|---|---|---|---|
| 001 | 1/104534 | ||
| 008 | 000315s1981 ger d | ||
| 020 | |a 3-19-001343-8 | ||
| 035 | |l 10058873 | ||
| 040 | |a GR-MY-UA |b gre |e aacr | ||
| 041 | 0 | |a ger | |
| 082 | 0 | |a 438 | |
| 245 | 1 | 0 | |a Anruf fuer einen Toten : |b Kriminalgeschichten / |c bearbeitet von Edith Schmitz |
| 260 | |a Ismaning : |b Max Hueber, |c 1981 | ||
| 300 | |a 88 p. | ||
| 490 | 1 | |a Lesetexte Deutsch | |
| 650 | 0 | 0 | |a German language |x Study and teaching |x Foreign speakers. |
| 650 | 0 | 0 | |a German language |x Usage. |
| 650 | 0 | 0 | |a Short stories, German. |
| 700 | 1 | |a Schmitz, Edith. |4 edt | |
| 830 | 0 | |a Lesetexte Deutsch - Stufe | |
| 852 | |a INST |b RHODES |e 20000315 |h 438 ANR |p 005400005303 |q 005400005303 |t BK |y 0 | ||
| 901 | |a BIBL4-2000-1 | ||
| 909 | |a Ρ |b 040716 | ||
| 922 | |a 4ΕΛΗ |b 199505 |c 106/ΜΠΕΡΖΑΜΑΝΗ |d ΚΩΣΤΑΡΑΚΗΣ | ||
| 970 | |z 2000/03/15 | ||